| 000 | 00885nam a2200241Ia 4500 | ||
|---|---|---|---|
| 005 | 20250425162130.0 | ||
| 008 | 250425s9999 xx 000 0 und d | ||
| 020 | _a9682519381 | ||
| 041 | _aspa | ||
| 082 | _a636.089 | ||
| 100 | _aBLOOD, D C | ||
| 245 | 0 | _aMEDICINA VETERINARIA | |
| 250 | _a7 ED. | ||
| 260 |
_aEstados Unidos _bINTERAMERICA MCGRAW HILL _c1992 |
||
| 260 | _aNEW YORK | ||
| 500 | _aEN CIBGZ-FIMCP D-30579 V.1 D-30580 V.2 PARA ING. AGROP. | ||
| 520 | _aESTE LIBRO SE TRATA DE UN ENSAYO SOBRE LOS OBJETIVOS Y PRINCIPIOS DE LA PRACTICA VETERINARIA REFERIDO A VACAS, OVEJAS, CABRAS Y CERDOS.ESTE LIBRO CONTIENE:ENFERMEDADES CAUSADAS POR VIRUS Y CLAMIDIAS, ENFERMEDADES PRODUCIDAS POR RICKETTSIAS, ENFERMEDA | ||
| 650 | _aDIAGNOSTICO(MEDICINA) | ||
| 650 | _aENFERMEDADES DE LOS ANIMALES | ||
| 650 | _aMEDICINA VETERINARIA | ||
| 942 | _c01 | ||
| 010 | _a51878 | ||
| 999 |
_c222951 _d222951 |
||